000 00973nam a2200265Ia 4500
001 Z_26
003 CHAP
005 20220920193629.0
008 220113s1984 xx 000 0 und d
010 _a162992
040 _cCHAP
090 _aFolleto 161
100 _aGarcía Trujillo, R.
_946686
245 _aNuevos sistemas para expresar el valor nutritivo de los alimentos y el requerimiento y racionamiento de los rumiantes /
_cpor R. García Trujillo y O. Cáceres
260 _aMatanzas, Cuba :
_bEstación de Pastos y Forrajes Indio Hatuey,
_c1984
300 _a43 p.
650 _aAlimentos y alimentación del ganado
_xValor nutritivo I. Cáceres, O. II. Estación Experimental de Pastos y Forrajes Indio Hatuey. Perico, Matanzas, Cuba III. t.
_9137215
650 _aRumiantes
_xAlimentación
650 _aRumiantes
_xNutrición
_9100847
901 _aFolleto 161
902 _aA
910 _a1984
942 _cFOLL
_2local
942 _cFOLL
_2local
999 _c162992
_d162992